|
|
|
|
| LEADER |
00000nam a22000007a 4500 |
| 005 |
20210429211649.0 |
| 007 |
cr|||| |||| |
| 008 |
210429s2011 co |||||s|||| 00||0 spa d |
| 020 |
|
|
|a 978-958-665-175-2
|
| 035 |
|
|
|a 33188
|
| 040 |
|
|
|a vLex
|
| 090 |
|
|
|c 11559
|d 11559
|
| 100 |
1 |
|
|a Ibę̀z, Perfecto Andrš
|
| 245 |
1 |
0 |
|a Cultura constitucional de la jurisdiccin̤
|h [Recurso electrn̤ico] /
|c Perfecto Andrš Ibę̀z
|
| 256 |
|
|
|a Servicio en ln̕ea
|
| 260 |
|
|
|a Bogot:̀
|b Siglo del Hombre Editores,
|c 2011
|
| 300 |
|
|
|a 1 recurso electrn̤ico
|
| 500 |
|
|
|a -A Perfecto Andrš Ibę̀z le debemos una de las ms̀ agudas reflexiones crt̕icas y propuestas respecto al modelo de juez del Estado constitucional de derecho, y acerca de la cultura constitucional de la Jurisdiccin̤. El autor llama la atencin̤ sobre la necesidad de hacer un balance con la tradicin̤ y saldar cuentas con cierta cultura jurd̕ica basada en la herencia del viejo positivismo dogmt̀ico y formalista, especf̕icamente con una cultura de la magistratura enraizada en esta herencia y caracterizada por una vieja y resistente cultura corporativa-. Tomado del prl̤ogo de Gloria Mara̕ Gallego Garca̕. Coedicin̤ con la Universidad EAFIT - Medelln̕.
|
| 506 |
1 |
|
|a Disponible solo en los productos indicados
|d vLex Global
|d vLex Global (Academic Edition, excluding Law Schools)
|d vLex Global (U.S. Academic Edition, Law Schools)
|d vLex Global (U.S. Academic Edition, excluding Law Schools)
|d vLex Global (Academic Edition, Law Schools)
|
| 650 |
0 |
4 |
|a Derecho Constitucional
|z Colombia
|
| 740 |
0 |
|
|a vLex Libros (Servicio en ln̕ea)
|
| 856 |
4 |
0 |
|u https://vlex.com/source/cultura-constitucional-de-la-jurisdiccion-33188
|z Acceso restringido
|
| 942 |
|
|
|c BOOK
|
| 999 |
0 |
|
|a Constitutional right
|